The essential Gloria Steinem reader : (Record no. 4039)

MARC details
000 -LEADER
fixed length control field 00995cam a2200289 4500
001 - CONTROL NUMBER
control field 4859
005 - DATE AND TIME OF LATEST TRANSACTION
control field 20181127174303.0
008 - FIXED-LENGTH DATA ELEMENTS--GENERAL INFORMATION
fixed length control field 140407s2014 ii b 000 0aeng
010 ## - LIBRARY OF CONGRESS CONTROL NUMBER
LC control number 2014347443
020 ## - INTERNATIONAL STANDARD BOOK NUMBER
International Standard Book Number 9788129131034
042 ## - AUTHENTICATION CODE
Authentication code lcode
-- pcc
043 ## - GEOGRAPHIC AREA CODE
Geographic area code n-us---
100 1# - MAIN ENTRY--PERSONAL NAME
Personal name Steinem, Gloria,
Relator term author.
245 14 - TITLE STATEMENT
Title The essential Gloria Steinem reader :
Remainder of title as if women matter /
Statement of responsibility, etc. edited and introduced by Ruchira Gupta.
264 #1 - PRODUCTION, PUBLICATION, DISTRIBUTION, MANUFACTURE, AND COPYRIGHT NOTICE
Place of production, publication, distribution, manufacture New Delhi :
Name of producer, publisher, distributor, manufacturer Rupa Publications India Pvt. Ltd.,
Date of production, publication, distribution, manufacture, or copyright notice 2014.
300 ## - PHYSICAL DESCRIPTION
Extent xix, 274 pages, 1 unnumbered page ;
Dimensions 22 cm
336 ## - CONTENT TYPE
Content type term text
Content type code txt
Source rdacontent
337 ## - MEDIA TYPE
Media type term unmediated
Media type code n
Source rdamedia
338 ## - CARRIER TYPE
Carrier type term volume
Carrier type code nc
Source rdacarrier
504 ## - BIBLIOGRAPHY, ETC. NOTE
Bibliography, etc. note Includes bibliographical references (pages 266-274).
600 10 - SUBJECT ADDED ENTRY--PERSONAL NAME
Personal name Steinem, Gloria.
650 ## - SUBJECT ADDED ENTRY--TOPICAL TERM
Topical term or geographic name entry element American essays.
Form subdivision
General subdivision
Chronological subdivision
Geographic subdivision
Source of heading or term
Topical term or geographic name entry element Feminism
Geographic subdivision United States.
Topical term or geographic name entry element Feminists
Geographic subdivision United States.
Form subdivision
Topical term or geographic name entry element Women
Geographic subdivision United States
General subdivision Social conditions.
700 1# - ADDED ENTRY--PERSONAL NAME
Personal name Gupta, Ruchira,
Relator term editor.
Holdings
Withdrawn status Lost status Source of classification or shelving scheme Damaged status Not for loan Collection code Home library Current library Shelving location Date acquired Serial Enumeration / chronology Inventory number Total Checkouts Full call number Barcode Date last seen Date last checked out Copy number Price effective from Koha item type
    Dewey Decimal Classification     Main TEST RTC Library RTC Library Main opac 12/01/2022 7680 1 305.4 GUP 30008003 20/03/2023 09/03/2023 3 27/11/2018 Main
    Dewey Decimal Classification     Main TEST RTC Library RTC Library Main opac 12/01/2022 7682   305.4 GUP 30008044 12/01/2022   1 27/11/2018 Main
    Dewey Decimal Classification     Main TEST RTC Library RTC Library Main opac 12/01/2022 7678   305.4 GUP 30007959 12/01/2022   5 27/11/2018 Main
    Dewey Decimal Classification     Main TEST RTC Library RTC Library Main opac 12/01/2022 7677   305.4 GUP 30008056 12/01/2022   6 27/11/2018 Main
    Dewey Decimal Classification     Main TEST RTC Library RTC Library Main opac 12/01/2022 7681   305.4 GUP 30007982 12/01/2022   2 27/11/2018 Main
    Dewey Decimal Classification     Main TEST RTC Library RTC Library Main opac 12/01/2022 7679   305.4 GUP 30008075 12/01/2022   4 27/11/2018 Main
Royal Thimphu College || All Right Reserved